[Event "CHN-chB"]
[Site "Zhongshan"]
[Date "2015.07.17"]
[Round "2"]
[White "Gao, Libo"]
[Black "Liu, Guanchu"]
[Result "0-1"]
[WhiteElo "1998"]
[BlackElo "2386"]
[PlyCount "58"]
[EventDate "2015.07.17"]
[EventType "swiss"]
[EventRounds "11"]
[EventCountry "CHN"]
[SourceTitle "CBM 167 Extra"]
[Source "ChessBase"]
[SourceDate "2015.09.14"]
[SourceVersion "1"]
[SourceVersionDate "2015.09.14"]
[SourceQuality "1"]

1. d4 f5 2. g3 Nf6 3. Bg2 g6 4. Nc3 d5 5. Nh3 Bg7 6. 0-0 c6 7. a4 0-0 8. Nf4 Qe8 9. Nd3 Nbd7 10. e3 e5 11. b3 e4 12. Nb2 a5 13. Ne2 b6 14. c3 g5 15. b4 Ba6 16. Re1 Qh5 17. Bf1 Rf7 18. Qb3 c5 19. dxc5 Ne5 20. Nd4 bxc5 21. bxc5 Bxf1 22. Kxf1 Nf3 23. Rd1 Qxh2 24. Ke2 Qh5 25. Nxf3 Qxf3+ 26. Ke1 Ng4 27. Rd2 Ra6 28. Nd1 Rh6 29. Rxd5 Bxc3+ 0-1